[Event "Famalicao op 5th"]
[Site "Famalicao"]
[Date "2017.07.30"]
[Round "2"]
[White "Dias, Ivo Rodrigues"]
[Black "Marques, Ricardo Taborda Tri"]
[Result "0-1"]
[WhiteElo "2207"]
[BlackElo "1757"]
[PlyCount "83"]
[EventDate "2017.07.29"]
[EventType "swiss"]
[EventRounds "9"]
[EventCountry "POR"]
[SourceTitle "EXT 2018"]
[Source "ChessBase"]
[SourceDate "2017.10.13"]
[SourceVersion "1"]
[SourceVersionDate "2017.10.13"]
[SourceQuality "1"]

1. e4 e6 2. d4 d5 3. Nc3 Bb4 4. Nge2 dxe4 5. a3 Be7 6. Nxe4 Nf6 7. N2c3 0-0 8. Be2 Bd7 9. 0-0 Bc6 10. Bf3 Nxe4 11. Nxe4 Nd7 12. c4 Bxe4 13. Bxe4 c6 14. Bc2 Nf6 15. Be3 Qa5 16. Qd3 Qh5 17. h3 Rad8 18. Qc3 Bd6 19. Rfd1 e5 20. Qa5 a6 21. dxe5 Qxe5 22. Qxe5 Bxe5 23. Rab1 Rxd1+ 24. Bxd1 Rd8 25. Bf3 Rd3 26. b3 Kf8 27. g4 h6 28. Kf1 Ke7 29. Ke2 Rd7 30. h4 Ne8 31. g5 hxg5 32. hxg5 Nc7 33. b4 Ne6 34. Bg4 Bd4 35. Bd2 Be5 36. c5 Rd4 37. Bxe6 Kxe6 38. Be3 Rd5 39. Rh1 Kf5 40. Rh4 Rd7 41. Rh3 Ke4 42. Bc1 0-1

[Event "Famalicao op 5th"]
[Site "Famalicao"]
[Date "2017.07.30"]
[Round "3"]
[White "Gomez Dieguez, Adrian"]
[Black "Marques, Ricardo Taborda Tri"]
[Result "0-1"]
[WhiteElo "2232"]
[BlackElo "1757"]
[PlyCount "78"]
[EventDate "2017.07.29"]
[EventType "swiss"]
[EventRounds "9"]
[EventCountry "POR"]
[SourceTitle "EXT 2018"]
[Source "ChessBase"]
[SourceDate "2017.10.13"]
[SourceVersion "1"]
[SourceVersionDate "2017.10.13"]
[SourceQuality "1"]

1. e4 c6 2. d4 d5 3. f3 dxe4 4. fxe4 e5 5. Nf3 Bg4 6. Bc4 Nd7 7. 0-0 Ngf6 8. Kh1 Bd6 9. Nc3 0-0 10. d5 Qc7 11. Bg5 Bb4 12. Qe1 Bxc3 13. bxc3 cxd5 14. Bxd5 Nxd5 15. exd5 f6 16. Be3 Rac8 17. Rb1 b6 18. Rb3 Nc5 19. Rb4 Qd7 20. Nd2 Bf5 21. Qd1 Bg6 22. c4 f5 23. Nf3 Rce8 24. Rb5 Ne4 25. Qa1 Qd6 26. a4 f4 27. Bg1 Bf5 28. a5 Qh6 29. Bf2 Ng3+ 30. Bxg3 fxg3 31. Qc1 Qxc1 32. Rxc1 e4 33. Nd4 e3 34. axb6 axb6 35. Rxb6 e2 36. Rbb1 Re4 37. Nxf5 Rxf5 38. Re1 Ref4 39. Kg1 Rf1+ 0-1

[Event "Coimbra Queima das Fitas op"]
[Site "Coimbra"]
[Date "2017.04.30"]
[Round "5"]
[White "Marques, Ricardo Taborda Tri"]
[Black "Cruz, Jorge Filipe Egas"]
[Result "0-1"]
[WhiteElo "1686"]
[BlackElo "2059"]
[PlyCount "72"]
[EventDate "2017.04.28"]
[EventType "swiss"]
[EventRounds "7"]
[EventCountry "POR"]
[SourceTitle "CBM 178 Extra"]
[Source "ChessBase"]
[SourceDate "2017.06.22"]
[SourceVersion "1"]
[SourceVersionDate "2017.06.22"]
[SourceQuality "1"]

1. e4 c5 2. Nf3 g6 3. d4 cxd4 4. Nxd4 Nc6 5. c4 Nf6 6. Nc3 d6 7. Be2 Nxd4 8. Qxd4 Bg7 9. Be3 0-0 10. Qd2 Be6 11. 0-0 Qa5 12. f3 Rfc8 13. b3 a6 14. Rfc1 b5 15. cxb5 axb5 16. Rab1 b4 17. Na4 Nd7 18. Rxc8+ Rxc8 19. Rc1 Nc5 20. Nxc5 dxc5 21. Bf1 Bc3 22. Qf2 c4 23. Bxc4 Bxc4 24. bxc4 Rxc4 25. Rd1 e5 26. Qh4 Bd4 27. Rxd4 exd4 28. Bh6 d3 29. Qf6 Qc5+ 30. Kf1 Rc1+ 31. Bxc1 Qxc1+ 32. Kf2 Qd2+ 33. Kg3 Qe1+ 34. Kg4 d2 35. Kg5 d1Q 36. Kh6 Qd4 0-1

[Event "POR-ch U20"]
[Site "Luso"]
[Date "2017.04.08"]
[Round "1"]
[White "Marques, Ricardo Taborda Tri"]
[Black "Leao, Tiago Miguel da S"]
[Result "0-1"]
[WhiteElo "1686"]
[BlackElo "2079"]
[PlyCount "106"]
[EventDate "2017.04.08"]
[EventType "swiss"]
[EventRounds "7"]
[EventCountry "POR"]
[SourceTitle "EXT 2018"]
[Source "ChessBase"]
[SourceDate "2017.10.13"]
[SourceVersion "1"]
[SourceVersionDate "2017.10.13"]
[SourceQuality "1"]

1. e4 c5 2. Nf3 d6 3. d4 cxd4 4. Nxd4 Nf6 5. Nc3 g6 6. Be3 Bg7 7. f3 0-0 8. Qd2 Nc6 9. 0-0-0 d5 10. Qe1 e5 11. Nxc6 bxc6 12. exd5 Nxd5 13. Bc4 Be6 14. Bc5 Qg5+ 15. Kb1 Nxc3+ 16. Qxc3 e4 17. Bd4 Bxd4 18. Qxd4 Bxc4 19. Qxc4 exf3 20. gxf3 Qf6 21. f4 Rad8 22. a3 Rfe8 23. Rhg1 Re6 24. Rxd8+ Qxd8 25. f5 Rd6 26. fxg6 hxg6 27. Rg4 Rd1+ 28. Ka2 Qd5 29. Qxd5 Rxd5 30. Ra4 Rd7 31. c4 f5 32. c5 g5 33. Rc4 Rh7 34. Rc2 f4 35. b4 f3 36. a4 Re7 37. Rc1 Re2+ 38. Kb3 Rxh2 39. b5 Rh7 40. b6 a6 41. Rf1 g4 42. Kb4 Rf7 43. Ka5 g3 44. b7 Rxb7 45. Rxf3 g2 46. Rg3+ Rg7 47. Rxg2 Rxg2 48. Kxa6 Rb2 49. a5 Rb5 50. Ka7 Rxc5 51. a6 Rc1 52. Kb7 Ra1 53. Kb6 c5 0-1

[Event "POR-ch U18"]
[Site "Luso"]
[Date "2016.07.23"]
[Round "6"]
[White "Marques, Ricardo Taborda Tri"]
[Black "Silva, Mariana Sofia Teixe"]
[Result "1-0"]
[WhiteElo "1641"]
[BlackElo "1850"]
[PlyCount "65"]
[EventDate "2016.07.20"]
[EventType "swiss"]
[EventRounds "7"]
[EventCountry "POR"]
[SourceTitle "EXT 2018"]
[Source "ChessBase"]
[SourceDate "2017.10.13"]
[SourceVersion "1"]
[SourceVersionDate "2017.10.13"]
[SourceQuality "1"]

1. e4 c5 2. Nf3 d6 3. d4 cxd4 4. Nxd4 Nf6 5. Nc3 a6 6. Bg5 e6 7. f4 Be7 8. Qf3 Nbd7 9. Bc4 h6 10. Bh4 g5 11. fxg5 Ne5 12. Qe2 Nfg4 13. Bb3 hxg5 14. Bg3 Qb6 15. 0-0-0 Bd7 16. h3 Nf6 17. Bxe5 dxe5 18. Nf3 Qc7 19. Nxg5 Nh5 20. Qg4 0-0-0 21. Nxf7 Rdg8 22. Rxd7 Qxd7 23. Bxe6 Rxg4 24. Bxd7+ Kxd7 25. hxg4 Rh7 26. Nxe5+ Ke6 27. Nf3 Rg7 28. Rxh5 Rxg4 29. Rh6+ Kf7 30. Ne5+ Kg7 31. Nxg4 Bg5+ 32. Kd1 Bxh6 33. Nxh6 1-0

[Event "Coimbra Queima das Fitas op"]
[Site "Coimbra"]
[Date "2016.04.24"]
[Round "4"]
[White "Marques, Ricardo Taborda Tri"]
[Black "Castro, Gui"]
[Result "1-0"]
[WhiteElo "1638"]
[BlackElo "1172"]
[PlyCount "77"]
[EventDate "2016.04.22"]
[EventType "swiss"]
[EventRounds "7"]
[EventCountry "POR"]
[SourceTitle "EXT 2018"]
[Source "ChessBase"]
[SourceDate "2017.10.13"]
[SourceVersion "1"]
[SourceVersionDate "2017.10.13"]
[SourceQuality "1"]

1. Nf3 d5 2. c4 c6 3. d4 Nf6 4. Nc3 e6 5. e3 g6 6. Qc2 Bg7 7. Bd3 0-0 8. 0-0 b6 9. Rd1 Bb7 10. b3 c5 11. Ne5 Nc6 12. Nxc6 Bxc6 13. Ba3 Nd7 14. Rac1 Re8 15. cxd5 exd5 16. Ne2 Qe7 17. dxc5 Bf8 18. Nd4 Bb7 19. Nb5 bxc5 20. Nc7 d4 21. Nxa8 Rxa8 22. exd4 Qg5 23. Bf1 cxd4 24. Bxf8 Rxf8 25. Rxd4 Ne5 26. Rdd1 Nf3+ 27. Kh1 Nh4 28. f3 Nxf3 29. gxf3 Bxf3+ 30. Bg2 Bxd1 31. Rxd1 f5 32. Bd5+ Kg7 33. Qc3+ Kh6 34. Rd3 Rf6 35. Rh3+ Kg7 36. Qc7+ Kf8 37. Qd8+ Kg7 38. Qe7+ Rf7 39. Qxf7+ 1-0